25 Plus grandes villes des pays slaves - Statistiques

Statistiques générales
  • Ce quiz a été pris 76 fois
    64 depuis la dernière actualisation
  • Le résultat moyen est 16 sur 25
Réponses sur la Carte
Les réponses sont colorées sur une échelle allant du rouge au vert en fonction du pourcentage des utilisateurs qui les ont devinées à leur premier essai. Vous pouvez retrouver ces pourcentages ci-dessous.
 
Statistiques - réponses
Pays Ville Population % Correct
Russie Moscou 13,2 million
100%
Pologne Varsovie 1,7 million
98%
Ukraine Kiev 2,9 million
96%
République tchèque Prague 1,4 million
96%
Russie Saint-Pétersbourg 5,6 million
96%
Biélorussie Minsk 2 million
93%
Serbie Belgrade 1,2 million
91%
Pologne Cracovie 810k
91%
Bulgarie Sofia 1,2 million
91%
Ukraine Odessa 1 million
77%
Ukraine Donetsk 900k
70%
Russie Volgograd 1,01 million
70%
Ukraine Lviv 720k
67%
Ukraine Kharkov 1,42 million
65%
Ukraine Dnipropetrovsk 970k
56%
Russie Nijni Novgorod 1,2 million
56%
Russie Rostov-sur-le-Don 1,14 million
56%
Russie Kazan 1,3 million
51%
Russie Krasnodar 1,15 million
39%
Russie Samara 1,15 million
37%
Russie Voronej 1,04 million
30%
Russie Perm 1,03 million
28%
Ukraine Zaporijjia 710k
28%
Russie Oufa 1,16 million
26%
Russie Saratov 890k
19%
Aucun quiz correspondant
Distribution des résultats
% des personnes avec chaque résultat
Percentile par nombre de réponses
Votre historique - résultats
Vous n’avez pas pris ce quiz depuis la dernière actualisation